1033 1773 1823 1654 1350 1551 1144 1803 1661 1255 1944 1506 1316 1024 1474 1726 1367 1537 1889 1468 1076 1070 1162 1995 1110 1763 1009 1901 1136 1405 1277 1117 1631 1835 1845 1758 1322 1141 1701 1307 1384 1865 1339 1719 1691 1085 1256 1613 1857 1406 1750 1623 1993 1555 1899 1504 1932 1677 1133 1746 1520 1793 1033 1664 1852 1591 1234 1673 1978 1920 1089 1159 1792 1292 1232 1750 1869 1529 1948 1791 1264 1400 1596 1726 1300 1450 1068 1412 1445 1785 1742 1430 1077 1512 1153 1824 1685 1916 1296 BCNSPRNW ULIB Ver.6.0+V

เปลี่ยนเป็นภาษาไทย

Change to English
 แสดงรายละเอียดบรรณานุกรม
  กลับหน้าหลัก

Brief Record : Get Marc (ISO 2709) : E-mail record : QR code < ปิดหน้าต่าง
LEADER : 00000nam 2200000uu 4500
001    13399125278
003     ULIB
008    170327s2558||||th 000 0 tha d
020    ^a9786168061008(ล.22)
060 04 ^aWO100^bพ246ศ ล.22
245 00 ^aศัลยศาสตร์ทั่วไป เล่ม 22 =^bCritcal Points in Common Surgery /^cคณะบรรณาธิการ, พรพรหม เมืองแมน ... [และคนอื่นๆ]
246 30 ^aศัลยศาสตร์ทั่วไป
246 30 ^aCritcal Points in Common Surgery
250    ^aพิมพ์ครั้งที่ 1
260    ^aกรุงเทพฯ :^bโฆษิตการพิมพ์,^c2558
300    ^a484หน้า :^bภาพประกอบ ;^c22 ซม.
650  7 ^aศัลยศาสตร์
650  7 ^aศัลยกรรม^vรวมเรื่อง
700 0  ^aพรพรหม เมืองแมน,^eบรรณาธิการ
945    ^p0^l0^i001737
945    ^p0^l0^i001738
945    ^p0^l0^i001739
999    ^aวรรณษา ชูชัยมงคล
รายการนี้ยังไม่มีแท็ก
คุณยังไม่ได้ล็อกอิน คุณสามารถมีกิจกรรมร่วมกับเว็บไซต์ได้ แต่ต้องล็อกอินก่อน ::
  ล็อกอิน

รายการสื่อสารสนเทศ

ลำดับที่ ประเภท เลขเรียก/บาร์โค้ด สถานที่ สถานะ
1. วิทยาศาสตร์การแพทย์ และสุขภาพ
วิทยาศาสตร์การแพทย์ และสุขภาพ
สถานะ=หนังสือเก่า
WO100 พ246ศ ล.22 ฉ.1 
  Barcode: 001737
ห้องสมุดวิทยาเขตสวรรค์ประชารักษ์
►ส่วนจัดเก็บหนังสือเก่า สปร
บนชั้น
  ขอยืม
2. วิทยาศาสตร์การแพทย์ และสุขภาพ
วิทยาศาสตร์การแพทย์ และสุขภาพ
สถานะ=หนังสือเก่า
WO100 พ246ศ ล.22 ฉ.2 
  Barcode: 001738
ห้องสมุดวิทยาเขตสวรรค์ประชารักษ์
►ส่วนจัดเก็บหนังสือเก่า สปร
บนชั้น
  ขอยืม
3. วิทยาศาสตร์การแพทย์ และสุขภาพ
วิทยาศาสตร์การแพทย์ และสุขภาพ
สถานะ=หนังสือเก่า
WO100 พ246ศ ล.22 ฉ.3 
  Barcode: 001739
ห้องสมุดวิทยาเขตสวรรค์ประชารักษ์
►ส่วนจัดเก็บหนังสือเก่า สปร
บนชั้น
  ขอยืม

รายการใกล้เคียง
    หัวเรื่อง [ศัลยศาสตร์]

BibComment


ยังไม่เคยถูกคอมเมนท์

คอมเมนท์ทรัพยากรรายการนี้
  คอมเมนท์: ศัลยศาสตร์ทั่วไป..


 Copyright 2026. Bcnsprnw @Library